[Event "Mondiale Lampo FIDE 2019"]
[Site "Mosca"]
[Date "29.12.2019"]
[Round "4.72"]
[White "Grachev, Boris"]
[Black "Harsha, Bharathakoti"]
[Result "1/2-1/2"]
[WhiteTitle "GM"]
[BlackTitle "GM"]
[WhiteElo "2614"]
[BlackElo "2523"]
[WhiteFideId "4129199"]
[BlackFideId "5078776"]
[EventDate "2019.12.29"]

1. Nf3 d5 2. d4 Nf6 3. Bf4 e6 4. e3 c5 5. c3 Bd6 6. Bg3 Qc7 7. dxc5 Qxc5 8. Nbd2
Nbd7 9. Bd3 O-O 10. Qe2 h6 11. e4 dxe4 12. Nxe4 Nxe4 13. Bxe4 Nf6 14. Rd1 Bxg3
15. hxg3 e5 16. O-O Re8 17. Rfe1 Rb8 18. Nh4 Be6 19. Rd2 Qc7 20. a3 Rbd8 21.
Red1 b6 22. Nf3 Nxe4 23. Qxe4 f6 24. Rxd8 Rxd8 25. Rxd8+ Qxd8 26. Qb7 a5 27. Qc6
Bd5 28. Qb5 Qd6 29. b4 axb4 30. cxb4 Kh7 31. a4 e4 32. Nd4 Bf7 33. Nf5 Qd1+ 34.
Kh2 Qh5+ 35. Kg1 Qd1+ 36. Kh2 Qh5+ 37. Kg1 Qd1+ 38. Kh2 Qh5+ 1/2-1/2

[Event "Mondiale Lampo FIDE 2019"]
[Site "Mosca"]
[Date "29.12.2019"]
[Round "4.73"]
[White "Bocharov, Dmitry"]
[Black "Baron, Tal"]
[Result "1-0"]
[WhiteTitle "GM"]
[BlackTitle "GM"]
[WhiteElo "2524"]
[BlackElo "2541"]
[WhiteFideId "4138716"]
[BlackFideId "2809958"]
[EventDate "2019.12.29"]

1. c4 c5 2. Nf3 Nf6 3. d4 cxd4 4. Nxd4 a6 5. Nc3 d5 6. Bf4 dxc4 7. e3 Nd5 8.
Bxc4 Nxf4 9. exf4 e6 10. O-O Bc5 11. Nf3 O-O 12. Qe2 Nc6 13. Rad1 Qc7 14. Qe4
Ne7 15. Ng5 Ng6 16. g3 b5 17. Bd3 Bb7 18. Qe2 Rac8 19. Be4 Rfd8 20. Qh5 h6 21.
Nxe6 fxe6 22. Qxg6 Bxe4 23. Nxe4 Rxd1 24. Rxd1 Qe7 25. Rd7 Bxf2+ 1-0

[Event "Mondiale Lampo FIDE 2019"]
[Site "Mosca"]
[Date "29.12.2019"]
[Round "4.74"]
[White "Afanasiev, Nikita"]
[Black "Atabayev, Maksat"]
[Result "1-0"]
[WhiteTitle "IM"]
[BlackTitle "GM"]
[WhiteElo "2517"]
[BlackElo "2475"]
[WhiteFideId "24183555"]
[BlackFideId "14001101"]
[EventDate "2019.12.29"]

1. Nf3 Nf6 2. c4 g6 3. Nc3 Bg7 4. g3 O-O 5. Bg2 d6 6. O-O c6 7. d4 Qa5 8. h3
Nbd7 9. Rb1 e5 10. b4 Qc7 11. Qc2 Re8 12. Rd1 e4 13. Nh2 Nb6 14. c5 Nbd5 15.
Nxd5 Nxd5 16. Nf1 e3 17. Nxe3 Nxe3 18. Bxe3 Bf5 19. cxd6 Qxd6 20. Qc5 Qxc5 21.
bxc5 Bxb1 22. Rxb1 Rad8 23. Rb4 Rd7 24. h4 Red8 25. Bg5 f6 26. Bf4 Kf7 27. e3
Bf8 28. Ra4 a6 29. g4 Be7 30. Bg3 Bf8 31. Rc4 Be7 32. Be4 Re8 33. Bc2 Bd8 34.
Rb4 Kg7 35. Kg2 Ba5 36. Rb1 Bd8 37. Bd3 Ba5 38. Bh2 Ree7 39. Bg1 Rd8 40. f4 Bc7
41. Rxb7 Rb8 42. Rxb8 Bxb8 43. Bxa6 Ra7 44. Bc4 Ra4 45. Bb3 Rb4 46. Bf2 Kf8 47.
Kf3 Ke7 48. Ke4 Rb7 49. Be1 Bc7 50. g5 f5+ 51. Kd3 Rb8 52. Bc3 Ra8 53. Bc4 Ra3
54. Bb3 Ra8 55. Kc2 Re8 56. Bc4 Kd7 57. Bd2 Ra8 58. Bb4 Rh8 59. a4 h6 60. Bf7
hxg5 61. hxg5 Rh2+ 62. Kd3 Rh3 63. Kd2 Rh2+ 64. Kd3 Rh3 65. Bxg6 Ke6 66. Ke2
Rh2+ 67. Kf3 Rh3+ 68. Kf2 Rh2+ 69. Kg3 Rb2 70. Be1 Re2 71. Bf2 Ra2 72. Be8 Rxa4
73. Bxc6 Ra3 74. Kf3 Rc3 75. Bb7 Rb3 76. Bc8+ Kd5 77. Bxf5 Bd8 78. Be4+ Ke6 79.
d5+ Kd7 80. Kg4 Rb2 81. Bg3 Re2 82. Bf5+ Ke8 83. e4 Ba5 84. e5 Rg2 85. Be4 Rg1
86. Kf3 Rf1+ 87. Kg2 Rc1 88. c6 Rc4 89. Kf3 Rc3+ 90. Kg4 Kf7 91. d6 Ke6 92. Bf5+
Kd5 93. c7 Bxc7 94. dxc7 Rxc7 95. g6 1-0

[Event "Mondiale Lampo FIDE 2019"]
[Site "Mosca"]
[Date "29.12.2019"]
[Round "4.75"]
[White "Geller, Jakov"]
[Black "Perunovic, Milos"]
[Result "0-1"]
[WhiteTitle "GM"]
[BlackTitle "GM"]
[WhiteElo "2521"]
[BlackElo "2589"]
[WhiteFideId "4151984"]
[BlackFideId "921629"]
[EventDate "2019.12.29"]

1. e4 c5 2. Nf3 e6 3. d4 cxd4 4. Nxd4 Nf6 5. Nc3 Nc6 6. Ndb5 Bc5 7. Bf4 O-O 8.
Bc7 Qe7 9. Bd6 Bxd6 10. Qxd6 Qd8 11. O-O-O a6 12. Nd4 Ne7 13. f3 b5 14. Nb3 Ne8
15. Qg3 b4 16. Na4 d6 17. Qf2 Rb8 18. e5 Nd5 19. exd6 Nxd6 20. Bd3 a5 21. Be4
Nxe4 22. fxe4 Qg5+ 23. Qd2 Qxd2+ 24. Rxd2 Nf6 25. Re1 Bb7 26. Nac5 a4 27. Na5
Ba8 28. e5 Rb5 29. exf6 Rxc5 30. fxg7 Kxg7 31. Rd4 Rxa5 32. Rxb4 Bd5 33. b3 axb3
34. axb3 Ra1+ 35. Kd2 Rxe1 36. Kxe1 f5 37. g3 Kf6 38. c4 Be4 39. Kd2 Rd8+ 40.
Ke2 h5 41. Rb6 Rd3 42. b4 Rb3 43. c5 Ke5 44. Rb8 Kd4 45. Rd8+ Bd5 46. c6 Rb2+
47. Kd1 Kd3 48. Ke1 Ke3 49. Kd1 Bb3+ 50. Kc1 Rc2+ 0-1

[Event "Mondiale Lampo FIDE 2019"]
[Site "Mosca"]
[Date "29.12.2019"]
[Round "4.76"]
[White "Tsoi, Dmitry"]
[Black "Guseinov, Gadir"]
[Result "1-0"]
[WhiteTitle "FM"]
[BlackTitle "GM"]
[WhiteElo "2321"]
[BlackElo "2666"]
[WhiteFideId "24194697"]
[BlackFideId "13401378"]
[EventDate "2019.12.29"]

1. f4 c5 2. Nf3 Nc6 3. g3 g6 4. Bg2 Bg7 5. c3 d6 6. O-O Nf6 7. d3 O-O 8. e4 c4
9. Be3 Ng4 10. Bf2 Nxf2 11. Rxf2 cxd3 12. Qxd3 Rb8 13. Na3 a6 14. Rd1 b5 15. Nc2
b4 16. Nfd4 Nxd4 17. cxd4 Qa5 18. Ne3 Qxa2 19. Nd5 Re8 20. Nc7 Rd8 21. Nd5 Bf8
22. f5 Qa4 23. Rdf1 gxf5 24. exf5 f6 25. Nf4 Qb5 26. Bd5+ Kh8 27. Qe4 Bb7 28.
Ng6+ hxg6 29. fxg6 Kg7 30. Qh4 Kxg6 31. Qg4+ Kh7 32. Qg8+ Kh6 33. Rf4 Qxd5 34.
Rh4+ Qh5 35. Qh8+ 1-0

[Event "Mondiale Lampo FIDE 2019"]
[Site "Mosca"]
[Date "29.12.2019"]
[Round "4.77"]
[White "Kim, Alexey"]
[Black "Grigoriants, Sergey"]
[Result "0-1"]
[WhiteTitle "GM"]
[BlackTitle "GM"]
[WhiteElo "2464"]
[BlackElo "2542"]
[WhiteFideId "4129776"]
[BlackFideId "4130804"]
[EventDate "2019.12.29"]

1. e4 c6 2. d4 d5 3. Nd2 dxe4 4. Nxe4 Bf5 5. Ng3 Bg6 6. h4 h6 7. Nf3 e6 8. Ne5
Bh7 9. Bc4 Nf6 10. Qe2 Nd5 11. a3 Nd7 12. Nxd7 Qxd7 13. Ba2 Nf6 14. Be3 Bd6 15.
O-O O-O 16. c4 Rfe8 17. Rad1 Rad8 18. Nh5 Qe7 19. g3 Bg6 20. Nxf6+ Qxf6 21. Bb1
Bxb1 22. Rxb1 e5 23. d5 cxd5 24. cxd5 a6 25. Rbc1 e4 26. Kg2 Rc8 27. b4 Qf5 28.
Rfd1 Rxc1 29. Bxc1 Rc8 30. Be3 Rc3 31. a4 Rd3 32. Rxd3 exd3 33. Qf3 Qxf3+ 34.
Kxf3 Bxb4 35. Bf4 Kf8 36. Ke3 d2 37. Ke2 Ke7 38. Be5 g6 39. g4 h5 40. gxh5 gxh5
41. f3 Kd7 42. Kd1 b5 43. axb5 axb5 44. Kc2 Bd6 45. Bf6 Bf4 46. Bc3 Kd6 0-1

[Event "Mondiale Lampo FIDE 2019"]
[Site "Mosca"]
[Date "29.12.2019"]
[Round "4.78"]
[White "Guliyev, Namig"]
[Black "Blohberger, Felix"]
[Result "1/2-1/2"]
[WhiteTitle "GM"]
[BlackTitle "IM"]
[WhiteElo "2548"]
[BlackElo "2434"]
[WhiteFideId "13400363"]
[BlackFideId "1632051"]
[EventDate "2019.12.29"]

1. e4 e5 2. Nf3 Nf6 3. Nxe5 d6 4. Nf3 Nxe4 5. d4 d5 6. Bd3 Be7 7. O-O Bf5 8. Re1
O-O 9. c4 Nc6 10. Nc3 Nxc3 11. bxc3 Bxd3 12. Qxd3 dxc4 13. Qxc4 Bd6 14. Qb3 b6
15. c4 Qd7 16. d5 Ne7 17. Bg5 Nf5 18. h3 h6 19. Bd2 Rfe8 20. g4 Ne7 21. Qd3 Ng6
22. Nd4 Rxe1+ 23. Rxe1 Re8 24. Rxe8+ Qxe8 25. Nc6 a5 26. Kg2 Nh4+ 27. Kf1 Ng6
28. f3 Kf8 29. Qe3 Qxe3 30. Bxe3 Ne5 31. Nxe5 Bxe5 32. Ke2 Ke7 33. c5 bxc5 34.
Bxc5+ Kd7 35. Kd3 g6 36. Kc4 c6 37. a4 Bf4 38. Bd4 Bd2 39. Be5 Bb4 40. Bf4 h5
41. gxh5 gxh5 42. Be5 Be1 43. f4 Bb4 44. Kd4 Bd2 45. Ke4 Bb4 46. dxc6+ Kxc6 47.
Kf5 Be7 48. Bf6 Bd6 49. Kg5 Kc5 50. Be5 Bxe5 51. fxe5 Kb4 52. Kf6 Kxa4 53. Kxf7
Kb3 54. e6 a4 55. e7 a3 56. e8=Q a2 57. Qe5 1/2-1/2

[Event "Mondiale Lampo FIDE 2019"]
[Site "Mosca"]
[Date "29.12.2019"]
[Round "4.79"]
[White "Tregubov, Pavel V."]
[Black "Pigusov, Evgeny"]
[Result "0-1"]
[WhiteTitle "GM"]
[BlackTitle "GM"]
[WhiteElo "2588"]
[BlackElo "2555"]
[WhiteFideId "4115341"]
[BlackFideId "4100514"]
[EventDate "2019.12.29"]

1. e4 c5 2. Nf3 Nc6 3. c3 Nf6 4. e5 Nd5 5. d4 cxd4 6. cxd4 d6 7. Bc4 Nb6 8. Bb5
dxe5 9. Nxe5 Bd7 10. Nxd7 Qxd7 11. Nc3 e6 12. O-O Rd8 13. Qg4 h5 14. Qh3 a6 15.
Bxc6 Qxc6 16. Bg5 f6 17. Be3 Kf7 18. Rac1 Qd7 19. Rfd1 Be7 20. Ne4 Nd5 21. Nc5
Bxc5 22. dxc5 Qc6 23. a3 Qa4 24. Rd4 Qb3 25. c6 bxc6 26. Rxc6 Ne7 27. Rxd8 Rxd8
28. Qxh5+ Kg8 29. Rc1 Nf5 30. Qf3 Nxe3 31. fxe3 Qxb2 32. Rf1 Qxa3 33. Qe4 Qd6
34. h3 Qd5 35. Qa4 a5 36. Rb1 Qe5 37. Qa3 Qe4 38. Rc1 Rd2 0-1

[Event "Mondiale Lampo FIDE 2019"]
[Site "Mosca"]
[Date "29.12.2019"]
[Round "4.80"]
[White "Sanal, Vahap"]
[Black "Belousov, Danila"]
[Result "1-0"]
[WhiteTitle "GM"]
[BlackTitle "FM"]
[WhiteElo "2549"]
[BlackElo "2274"]
[WhiteFideId "6300545"]
[BlackFideId "4167350"]
[EventDate "2019.12.29"]

1. e4 d5 2. exd5 Qxd5 3. Nc3 Qd6 4. d4 Nf6 5. Nf3 Bg4 6. h3 Bh5 7. Bc4 e6 8. g4
Bg6 9. Ne5 Nc6 10. Nxc6 bxc6 11. Qf3 Be7 12. Bf4 Qd7 13. Be5 Rb8 14. Bb3 O-O 15.
h4 h5 16. gxh5 Bxh5 17. Qg3 c5 18. Rg1 g6 19. Qf4 cxd4 20. Ne2 d3 21. Nc3 Rb4
22. Qe3 d2+ 23. Qxd2 Qxd2+ 24. Kxd2 Rxh4 25. Rae1 Nd7 26. Bxc7 Nc5 27. Kc1 Nxb3+
28. axb3 Rc8 29. Bg3 Rd4 30. Be5 Rg4 31. Rh1 f6 32. Bg3 Kf7 33. Ne4 e5 34. Nc3
Rd4 35. Kb1 a5 36. f4 exf4 37. Bf2 Rd7 38. Ne2 Bxe2 39. Rxe2 Bf8 40. Re4 g5 41.
Bd4 Bg7 42. Bc3 Re8 43. Ra4 f3 44. Rf1 Rde7 45. Rxf3 Kg6 46. Rxa5 g4 47. Rf4 Re4
48. Rf1 g3 49. Rg1 Rg4 50. Ra4 Rg5 51. Bd2 Rd5 52. Rxg3+ Kf7 53. Ra7+ Ke6 54.
Re3+ Re5 55. Rxe5+ 1-0

[Event "Mondiale Lampo FIDE 2019"]
[Site "Mosca"]
[Date "29.12.2019"]
[Round "4.81"]
[White "Studer, Noel"]
[Black "Laznicka, Viktor"]
[Result "1-0"]
[WhiteTitle "GM"]
[BlackTitle "GM"]
[WhiteElo "2546"]
[BlackElo "2648"]
[WhiteFideId "1319620"]
[BlackFideId "316385"]
[EventDate "2019.12.29"]

1. d4 d5 2. c4 c6 3. Nf3 Nf6 4. e3 a6 5. Nbd2 Bf5 6. Nh4 Bg4 7. Be2 Bxe2 8. Qxe2
e6 9. Nhf3 Nbd7 10. O-O Be7 11. b3 O-O 12. e4 dxe4 13. Nxe4 a5 14. Bg5 a4 15.
Nxf6+ Nxf6 16. Qc2 h6 17. Bh4 Qa5 18. Rab1 axb3 19. Rxb3 b5 20. Ne5 bxc4 21.
Qxc4 Qd5 22. Rc3 g5 23. Nxc6 Rfe8 24. Bg3 Rxa2 25. Nxe7+ Rxe7 26. Qb4 Re8 27.
Be5 Ne4 28. Rh3 Kh7 29. Qb1 f5 30. Rc1 Re7 31. Qb8 Ra8 32. Qb4 Rea7 33. f3 Ra1
34. Qe7+ 1-0

[Event "Mondiale Lampo FIDE 2019"]
[Site "Mosca"]
[Date "29.12.2019"]
[Round "4.82"]
[White "Yagupov, Igor"]
[Black "Vokhidov, Shamsiddin"]
[Result "1/2-1/2"]
[WhiteTitle "GM"]
[BlackTitle "IM"]
[WhiteElo "2357"]
[BlackElo "2526"]
[WhiteFideId "4113632"]
[BlackFideId "14204223"]
[EventDate "2019.12.29"]

1. e4 c5 2. Nf3 Nc6 3. d4 cxd4 4. Nxd4 Nf6 5. Nc3 d6 6. Bg5 e6 7. Qd2 a6 8.
O-O-O Bd7 9. f4 b5 10. Bxf6 gxf6 11. Kb1 Qb6 12. Nce2 h5 13. h4 Nxd4 14. Nxd4 a5
15. Rh3 b4 16. Bc4 Rc8 17. b3 Rg8 18. Qe2 Rg4 19. g3 Qc5 20. Qd2 Bh6 21. Qd3 Ke7
22. Rhh1 a4 23. Rhe1 axb3 24. cxb3 Ra8 25. Rc1 Qa7 26. Rc2 Rag8 27. Re3 Rxg3 28.
Rxg3 Rxg3 29. Nf5+ exf5 30. Qxg3 Qd4 31. Qg8 Be8 32. Bxf7 Qd1+ 33. Kb2 Qd4+ 34.
Kb1 Qd1+ 35. Kb2 Qd4+ 36. Kb1 Qd1+ 37. Kb2 Qd4+ 38. Kb1 1/2-1/2

[Event "Mondiale Lampo FIDE 2019"]
[Site "Mosca"]
[Date "29.12.2019"]
[Round "4.83"]
[White "Piorun, Kacper"]
[Black "Luukkonen, Tommi"]
[Result "1-0"]
[WhiteTitle "GM"]
[BlackTitle "FM"]
[WhiteElo "2611"]
[BlackElo "2290"]
[WhiteFideId "1130420"]
[BlackFideId "501808"]
[EventDate "2019.12.29"]

1. Nf3 c5 2. c4 Nc6 3. Nc3 g6 4. e3 Nf6 5. d4 cxd4 6. exd4 d5 7. cxd5 Nxd5 8.
Qb3 e6 9. Bb5 Bg7 10. O-O O-O 11. Bxc6 bxc6 12. Re1 Qd6 13. Ne4 Qb4 14. Bd2 Qb6
15. Qa3 a5 16. Rac1 Rd8 17. Bg5 f6 18. Bh4 g5 19. Bg3 Bf8 20. Nc5 h6 21. Qd3 f5
22. Be5 Nb4 23. Qb1 a4 24. a3 Nd5 25. Nd2 Qb5 26. Qc2 Ra7 27. Rb1 Ne7 28. Nc4
Ng6 29. Bf6 Re8 30. b4 Nf4 31. Be5 Nd5 32. Bd6 Bg7 33. Be5 Bf8 34. Nd6 Bxd6 35.
Bxd6 Kh7 36. h3 Rg7 37. Be5 Ra7 38. Qd2 Nb6 39. Rbc1 Nc4 40. Qc3 Nb6 41. Qf3 Rf7
42. Bd6 Nc4 43. Be5 1-0

[Event "Mondiale Lampo FIDE 2019"]
[Site "Mosca"]
[Date "29.12.2019"]
[Round "4.84"]
[White "Pogosyan, Stefan"]
[Black "Yanchenko, Roman"]
[Result "1-0"]
[WhiteTitle "IM"]
[BlackTitle "FM"]
[WhiteElo "2459"]
[BlackElo "2463"]
[WhiteFideId "34159867"]
[BlackFideId "4137329"]
[EventDate "2019.12.29"]

1. d4 d5 2. c4 e6 3. Nc3 Nf6 4. cxd5 exd5 5. Bg5 c6 6. e3 Be7 7. Bd3 O-O 8. Qc2
Re8 9. Nf3 Nbd7 10. g4 Nf8 11. h3 Ne4 12. Bxe7 Qxe7 13. Bxe4 dxe4 14. Nd2 f5 15.
O-O-O fxg4 16. hxg4 Bxg4 17. Rdg1 Bf5 18. f3 c5 19. fxe4 cxd4 20. exd4 Bg6 21.
Qb3+ Kh8 22. Nf3 Qf6 23. Ne5 Rxe5 24. dxe5 Qf4+ 25. Kb1 Qxe5 26. Ka1 Rb8 27. Qd5
Qe7 28. Rd1 b5 29. Qd6 Qe8 30. Rhf1 b4 31. Nd5 b3 32. Nc7 Qc8 33. e5 Bc2 34. Rd2
Ng6 35. e6 h6 36. e7 Qg8 37. e8=Q Rxe8 38. Nxe8 Qxe8 39. Qd8 Qxd8 40. Rxd8+ Kh7
41. axb3 Bxb3 42. Ra8 a6 43. Rc1 h5 44. Rxa6 h4 45. Rb6 Bf7 46. Rc7 Bd5 47. Rd6
Bg2 48. Rdd7 h3 49. Rxg7+ Kh6 50. Rh7+ Kg5 51. Rc5+ Kf4 52. Rch5 Kg4 53. R5h6
Ne5 54. b4 Kg3 55. b5 Ng4 56. Rg6 Kf4 57. Rgg7 Bd5 58. b6 h2 59. Rxg4+ Kxg4 60.
Rxh2 Be4 61. Rd2 Kf5 62. Rd7 Ke6 63. b7 Kxd7 64. b8=Q Ke6 65. Kb2 Kd5 66. Kc3
Bf5 67. Qf8 Ke5 68. Qc5+ Ke4 69. Qd4+ Kf3 70. Kd2 Bg4 71. Qe3+ Kg2 72. Ke1 Bh3
73. Qf2+ Kh1 74. Qg3 Bf1 75. Kf2 1-0

[Event "Mondiale Lampo FIDE 2019"]
[Site "Mosca"]
[Date "29.12.2019"]
[Round "4.85"]
[White "Gajewski, Grzegorz"]
[Black "Thing, Bibek"]
[Result "1-0"]
[WhiteTitle "GM"]
[BlackTitle "CM"]
[WhiteElo "2626"]
[BlackElo "2222"]
[WhiteFideId "1116207"]
[BlackFideId "12303135"]
[EventDate "2019.12.29"]

1. c4 Nf6 2. Nc3 e6 3. e4 c5 4. e5 Ng8 5. Nf3 Nc6 6. d4 cxd4 7. Nxd4 Nxd4 8.
Qxd4 Ne7 9. Bf4 Nc6 10. Qd2 Qa5 11. Be2 Nxe5 12. O-O Ng6 13. Bg3 Be7 14. a3 O-O
15. b4 Qg5 16. f4 Qh6 17. Bf3 d6 18. Ne4 Rd8 19. Rad1 d5 20. Ng5 Bd7 21. cxd5 e5
22. d6 Bf6 23. Bd5 Be8 24. Nxf7 Bxf7 25. Bxf7+ Kxf7 26. Qd5+ Kf8 27. fxe5 Qe3+
28. Kh1 Rac8 29. exf6 gxf6 30. Rxf6+ Kg7 31. Rf7+ Kh8 32. Qf5 Qe8 1-0

[Event "Mondiale Lampo FIDE 2019"]
[Site "Mosca"]
[Date "29.12.2019"]
[Round "4.86"]
[White "Zarnicki, Pablo"]
[Black "Al Nhier, Hamoud"]
[Result "1-0"]
[WhiteTitle "GM"]
[BlackTitle "FM"]
[WhiteElo "2514"]
[BlackElo "1934"]
[WhiteFideId "100137"]
[BlackFideId "21500045"]
[EventDate "2019.12.29"]

1. e4 Nc6 2. Nc3 e5 3. Nf3 Nf6 4. d4 exd4 5. Nxd4 Bb4 6. Nxc6 bxc6 7. Bd3 d5 8.
exd5 Qe7+ 9. Qe2 Qxe2+ 10. Kxe2 cxd5 11. Nb5 Kd8 12. Bf4 Re8+ 13. Kf3 Re7 14. c3
Bc5 15. Rhe1 c6 16. Rxe7 Bxe7 17. Nc7 Rb8 18. Ne6+ Bxe6 19. Bxb8 c5 20. h3 a5
21. Be5 Ne8 1-0

[Event "Mondiale Lampo FIDE 2019"]
[Site "Mosca"]
[Date "29.12.2019"]
[Round "4.87"]
[White "Usov, Aleksandr E."]
[Black "Drygalov, Sergey"]
[Result "0-1"]
[BlackTitle "IM"]
[WhiteElo "2012"]
[BlackElo "2473"]
[WhiteFideId "24257109"]
[BlackFideId "24171743"]
[EventDate "2019.12.29"]

1. e4 c5 2. Nf3 d6 3. Bb5+ Nd7 4. O-O a6 5. Be2 Ngf6 6. d3 b5 7. Re1 g6 8. Bf1
Bg7 9. Nbd2 O-O 10. c3 e5 11. d4 exd4 12. cxd4 cxd4 13. Nxd4 Nc5 14. b3 Bb7 15.
Bb2 Nfxe4 16. Nxe4 Nxe4 17. Rc1 Qb6 18. Qd3 Rfe8 19. Red1 Rac8 20. h4 d5 21. h5
Qf6 22. f3 Ng3 23. Rxc8 Rxc8 24. h6 Bxh6 25. Re1 Bg7 26. Ba1 Qh4 27. Qd2 Nxf1
28. Kxf1 h5 29. Qd3 b4 30. Nc2 Bxa1 31. Rxa1 Qh1+ 32. Kf2 Rxc2+ 33. Qxc2 Qxa1
34. Qe2 Qd4+ 0-1

[Event "Mondiale Lampo FIDE 2019"]
[Site "Mosca"]
[Date "29.12.2019"]
[Round "4.88"]
[White "Zarubitski, Viachaslau"]
[Black "Ganguly, Surya Shekhar"]
[Result "0-1"]
[WhiteTitle "IM"]
[BlackTitle "GM"]
[WhiteElo "2451"]
[BlackElo "2633"]
[WhiteFideId "13509373"]
[BlackFideId "5002150"]
[EventDate "2019.12.29"]

1. e4 c5 2. Nf3 e6 3. d4 cxd4 4. Nxd4 Nc6 5. g3 Nf6 6. Bg2 Be7 7. O-O O-O 8. Nc3
d6 9. Kh1 Bd7 10. f4 Nxd4 11. Qxd4 Bc6 12. Be3 Qc7 13. Rad1 b5 14. Bg1 Qb7 15.
a3 a5 16. Rfe1 b4 17. Nb1 Rfc8 18. axb4 axb4 19. Nd2 Bb5 20. c4 bxc3 21. bxc3
Ra4 22. Qe3 Bc6 23. Rb1 Qa8 24. c4 h5 25. h3 Ra2 26. Qd4 e5 27. Qc3 h4 28. g4
exf4 29. Ra1 Nd7 30. Rxa2 Qxa2 31. Ra1 Bf6 32. Qxf6 Qxd2 33. Qxh4 Ne5 34. c5 f3
35. Qf2 fxg2+ 36. Qxg2 Qxg2+ 37. Kxg2 Bxe4+ 38. Kg3 Nc4 39. Rc1 d5 40. Kf4 Nb2
41. Rc3 f6 42. g5 Nd3+ 43. Ke3 f5 44. Kd4 Nb4 45. Ke5 Nc6+ 46. Kd6 d4 47. Rc1 d3
48. Kd7 Rd8+ 49. Kc7 d2 50. Rd1 Bf3 0-1

[Event "Mondiale Lampo FIDE 2019"]
[Site "Mosca"]
[Date "29.12.2019"]
[Round "4.89"]
[White "Galkin, Alexander"]
[Black "Andriasian, Zaven"]
[Result "1-0"]
[WhiteTitle "GM"]
[BlackTitle "GM"]
[WhiteElo "2611"]
[BlackElo "2611"]
[WhiteFideId "4120426"]
[BlackFideId "13302000"]
[EventDate "2019.12.29"]

1. Nf3 Nf6 2. d4 g6 3. Bf4 d6 4. e3 Bg7 5. c4 O-O 6. Nc3 Nbd7 7. Be2 c6 8. O-O
Nh5 9. Bg5 h6 10. Bh4 g5 11. Nd2 Nhf6 12. Bg3 e5 13. dxe5 dxe5 14. h4 Qe7 15.
Qc2 Nc5 16. hxg5 hxg5 17. b4 Ne6 18. Bxe5 Qxb4 19. Rfd1 Re8 20. Rab1 Qa5 21. Bd6
Nf8 22. c5 N6d7 23. Nce4 Qd8 24. Nc4 Ne6 25. Bh2 Rf8 26. Ncd6 b6 27. cxb6 axb6
28. Qxc6 Rxa2 29. Bc4 Rc2 30. Nxc8 Qxc8 31. Qxc8 Rxc8 32. Bxe6 fxe6 33. Rxd7 b5
34. Bd6 g4 35. Rxb5 g3 36. Bxg3 Rc1+ 37. Kh2 Kh7 38. Rh5+ Kg6 39. Rg5+ Kh6 40.
Rdxg7 1-0

[Event "Mondiale Lampo FIDE 2019"]
[Site "Mosca"]
[Date "29.12.2019"]
[Round "4.90"]
[White "Sjugirov, Sanan"]
[Black "Sek, Konstantin"]
[Result "1-0"]
[WhiteTitle "GM"]
[WhiteElo "2665"]
[BlackElo "2446"]
[WhiteFideId "4189302"]
[BlackFideId "24104302"]
[EventDate "2019.12.29"]

1. e4 e5 2. Nf3 Nc6 3. Bb5 a6 4. Ba4 d6 5. d4 b5 6. Bb3 Nxd4 7. Nxd4 exd4 8. Qh5
Qd7 9. Bg5 c5 10. Bd5 Bb7 11. O-O g6 12. Qf3 Bxd5 13. exd5 Be7 14. Re1 O-O-O 15.
Bf4 g5 16. Bd2 g4 17. Qa3 1-0

[Event "Mondiale Lampo FIDE 2019"]
[Site "Mosca"]
[Date "29.12.2019"]
[Round "4.91"]
[White "Rychagov, Andrey"]
[Black "Melkumyan, Hrant"]
[Result "1-0"]
[WhiteTitle "GM"]
[BlackTitle "GM"]
[WhiteElo "2545"]
[BlackElo "2668"]
[WhiteFideId "4119932"]
[BlackFideId "13302485"]
[EventDate "2019.12.29"]

1. d4 Nf6 2. c4 g6 3. Nc3 Bg7 4. e4 d6 5. Nf3 O-O 6. Be2 c5 7. O-O Re8 8. Re1
Bg4 9. d5 e6 10. dxe6 Bxe6 11. Bg5 Nc6 12. Qd2 Qb6 13. Rad1 Ng4 14. b3 h6 15.
Bh4 g5 16. Bg3 Rad8 17. h4 Qa5 18. Rc1 gxh4 19. Nxh4 Nd4 20. Bxg4 Bxg4 21. Qd3
a6 22. Bf4 Ne6 23. Qg3 h5 24. Nd5 Nxf4 25. Qxf4 Rd7 26. f3 Qd8 27. Nf5 Bxf5 28.
exf5 Be5 29. Qh6 f6 30. Rxe5 Rxe5 1-0

[Event "Mondiale Lampo FIDE 2019"]
[Site "Mosca"]
[Date "29.12.2019"]
[Round "4.92"]
[White "Indjic, Aleksandar"]
[Black "Potapov, Pavel"]
[Result "1/2-1/2"]
[WhiteTitle "GM"]
[BlackTitle "GM"]
[WhiteElo "2619"]
[BlackElo "2482"]
[WhiteFideId "911925"]
[BlackFideId "4169786"]
[EventDate "2019.12.29"]

1. d4 f5 2. Nf3 Nf6 3. h3 d5 4. Bf4 c6 5. e3 e6 6. c4 Ne4 7. Nc3 Bb4 8. Rc1 O-O
9. Bd3 Nd7 10. O-O Ndf6 11. Ne5 Bd7 12. Bh2 Be8 13. Ne2 Nd2 14. Re1 Nxc4 15.
Bxc4 Bxe1 16. Qxe1 dxc4 17. Nxc4 Bf7 18. b3 Nd5 19. Qd2 Qd7 20. f3 Rfd8 21. Be5
Qe7 22. e4 Nf6 23. Qe3 fxe4 24. fxe4 Bg6 25. Nd2 Nd7 26. Bc7 Rdc8 27. Bh2 e5 28.
Nc4 exd4 29. Nxd4 Qxe4 30. Qxe4 Bxe4 31. Nd6 Re8 32. Nxe8 Rxe8 33. Bg3 Bg6 34.
Kf2 Nf6 35. Kg1 h6 36. b4 a6 37. a4 Ne4 38. Be1 Nd6 39. Rd1 Nf5 40. Nb3 Ne3 41.
Rc1 Be4 42. Bf2 Nxg2 43. Nc5 Bd5 44. Nxb7 Nf4 45. Re1 Nxh3+ 46. Kh2 Rxe1 47.
Bxe1 Ng5 48. Bc3 Ne4 49. Bd4 g5 50. Nd8 Kf8 51. Nb7 Ke7 52. Kg1 h5 53. Be3 h4
54. Nc5 Nxc5 55. Bxg5+ Ke6 56. bxc5 h3 57. a5 Kf5 58. Bd8 Ke4 59. Kh2 Be6 60.
Bb6 Kd5 61. Kg3 Kc4 62. Kh2 1/2-1/2

[Event "Mondiale Lampo FIDE 2019"]
[Site "Mosca"]
[Date "29.12.2019"]
[Round "4.93"]
[White "Kryakvin, Dmitry"]
[Black "Savchenko, Boris"]
[Result "0-1"]
[WhiteTitle "GM"]
[BlackTitle "GM"]
[WhiteElo "2596"]
[BlackElo "2577"]
[WhiteFideId "4153278"]
[BlackFideId "4147332"]
[EventDate "2019.12.29"]

1. d4 d5 2. Nf3 Nf6 3. c4 e6 4. Bg5 dxc4 5. Qa4+ Nbd7 6. e3 a6 7. Bxc4 Be7 8.
O-O O-O 9. Be2 b5 10. Qc2 Bb7 11. Rd1 Qb8 12. Nc3 c5 13. Rac1 c4 14. a3 h6 15.
Bh4 Re8 16. e4 Nxe4 17. Nxe4 Bxh4 18. Nxh4 Qf4 19. Bf3 Qxh4 20. g3 Qe7 21. Re1
Rad8 22. Re3 Rf8 23. b3 Nb6 24. Nc5 Bxf3 25. Rxf3 Rxd4 26. Nxa6 Qxa3 27. Nc7 Qc5
28. Na6 Qd5 29. Re3 Rd8 30. Nb4 Rd1+ 31. Rxd1 Qxd1+ 32. Qxd1 Rxd1+ 33. Kg2 Nd5
34. Nxd5 exd5 35. Re8+ Kh7 0-1